000 01678nam0a22003131 4500
001 v19\rc\1188775
005 20250620051512.0
035 _a(NLR Aleph) 005187148
090 _a5175742
_c5175742
100 _a20051201d1843 |||y0rusy50 ca
101 0 _arus
102 _aRU
140 _aa y ekb yaa0000
200 1 _aКитайския, маньчжуския, монгольския, илиския, кореския, японския, аньнаньския и неизвестныя монеты, медали, ассигнации, меняльные билеты, золотые и серебряные слитки
210 _a[Санкт-Петербург
_d1843]
215 _a[2] с., LX, [1] л. ил.
_d
300 _aАвт. раскрыт по изд.: Catalogue de la. bibliotheque Nationale. Т.27, с.613
300 _aАльбом
316 _aЭкз. РНБ (18.53.1.16) в формате in folio
_5NLR: 18.53.1.16
518 1 _aКитайские, маньчжуские, монгольские, илиские, кореские, японские, аньнаньские и неизвестные монеты, медали, ассигнации, меняльные билеты, золотые и серебряные слитки
_zrus
700 1 _aШодуар
_bС.И.
_f1792-1858
_gСтанислав Иванович
801 0 _aRU
_bNLR
_c20051201
_gpsbo
801 1 _aRU
_bProSoft-M
_c20051201
_2rusmarc
801 2 _aRU
_bNLR
_c20051212
_2rusmarc
830 _aИнтернет: http://www.bonistikaweb.ru/KNIGI/ivockina-literatura.htm (3.02.2022)
852 _aNLR
_j18.53.1.16
942 _cBOOK
980 _aNB